000 00695nam a2200229Ia 4500
003 OSt
005 20220923214750.0
006 a|||||r|||| 00| 0
007 ta
008 220922b |||||||| |||| 00| 0 hin d
024 _a172,487
037 _cTextual
040 _aARTS
_cARTS
_bhin
041 _2hin
_ahin
082 _aO152:3NAG1:1, K7
100 _aअज्ञात, रविन्द्रनाथ बहोरे
_9162369
245 0 _aवन्देमातरम
246 _aVandemātarama
260 _c1967
942 _hO152:3NAG1:1, K7
_cTEXL
_2CC
999 _c326537
_d326537